000 00358nam a22001217a 4500
008 230605b xxu||||| |||| 00| 0 eng d
082 _a328.3658
_bGIC
100 _cPatrick G. Gichohi
245 _aEffective Committee Membership
_bA Guide for Mmembers of Parliament
260 _aNairobi, Kenya
_bParliament of Kenya
_cMay,2006
300 _a60p
942 _2ddc
_cBK
999 _c364
_d364